01843 2200925 4500001002100000005001500021035002000036008004100056245003800097100001800135250001000153260003100163300003300194020002200227082001000249650002200259084001600281990001000297990001000307990001000317990001000327990001000337990001000347990001000357990001000367990001000377990001000387990001000397990001000407990001000417990001000427990001000437990001000447990001000457990001000467990001000477990001000487990001000497990001000507990001000517990001000527990001000537990001000547990001000557990001000567990001000577990001000587990001000597990001000607990001000617990001000627990001000637990001000647990001000657990001000667990001000677990001000687990001000697990001000707990001000717990001000727990001000737990001000747990001000757990001000767990001000777990001000787990001000797990001000807990001000817990001000827990001000837990001000847990001000857990001000867990001000877990001000887990001000897990001000907INLIS00000000000121920230110103734 a0010-0123000004230110 0 ind 1 aSejarah Kelas XI /cRatna Hapsari aRatna Hapsari aed 1. aJakarta :bErlangga,c2022 axii, 404 hlm ;c17,5 x 25 cm a978-623-266-691-7 a959.8 4aSejarah Indonesia a959.8 RAT s a14513 a14514 a14515 a14516 a14517 a14518 a14519 a14520 a14521 a14522 a14523 a14524 a14525 a14526 a14527 a14528 a14529 a14530 a14531 a14532 a14533 a14534 a14535 a14536 a14537 a14538 a14539 a14540 a14541 a14542 a14543 a14544 a14545 a14546 a14547 a14548 a14549 a14550 a14551 a14552 a14553 a14554 a14555 a14556 a14557 a14558 a14559 a14560 a14561 a14562 a14563 a14564 a14565 a14566 a14567 a14568 a14569 a14570 a14571 a14572 a14573 a14574